000 00385nam a2200157Ia 4500
003 OSt
005 20240329123546.0
008 170524s9999 xx 000 0 und d
020 _a978-0761994749
040 _ciimtu meerut
100 _aLYNTON- PAREEK
100 _c2006
245 0 _aTRAINING FOR ORGANISATIONAL TRANSFORMATION P T 2
260 _aSAGE PUBLICATION
942 _2ddc
_c02
999 _c2248
_d2248